00429nam a2200169Ia 4500003000400000005001700004008004100021020001500062040000700077041000800084082001600092100002000108245006600128260004000194300001700234365000800251OSt20230622093224.0210423s2007 xx 000 0 und d a8130902400 cAL aeng a574.88 PANJ aPANNO (Joseph). aAdvances in genetics: aging Theories and potencial therapies. aNew DelhibViva Books Pvt Ltdc2007 axvii,157bHB cINR